Vincitori Bundesliga - Morte improvvisa - Statistics

Statistiche generali
  • Questo quiz è stato fatto 266 volte
  • Il punteggio medio è 4 su 12
Answers on the Grid
Answers color-coded by a green-red scale on the quiz's grid according to % correct below.
Amburgo
Arminia Bielefeld
Augusta
Bayer Leverkusen
Bochum
Borussia Dortmund
Borussia Mönchengladbach
Colonia
Darmstadt
Duisburg
Eintracht Braunschweig
Eintracht Francoforte
Fortuna Düsseldorf
Friburgo
Greuther Fürth
Hannover 96
Hertha Berlino
Hoffenheim
Kaiserslautern
Karlsruhe
Mainz
Monaco 1860
Norimberga
RB Lipsia
Schalke 04
St. Pauli
Stoccarda
Union Berlino
Werder Brema
Wolfsburg
 
Statistiche sulle risposte
Risposta % Corretto
Borussia Dortmund
74%
Bayer Leverkusen
63%
Amburgo
37%
Borussia Mönchengladbach
28%
Werder Brema
28%
Wolfsburg
28%
Stoccarda
26%
Colonia
21%
Kaiserslautern
18%
Monaco 1860
15%
Norimberga
13%
Eintracht Braunschweig
5%
Nessun quiz corrispondente trovato
Distribuzione punteggi
Percentuale di utenti per punteggio
Percentile per numero di risposta
I tuoi punteggi nel tempo
Non hai fatto questo quiz